00721 2200241 4500001002100000005001500021035002000036007000300056008004100059020001800100082001300118084002300131084002300154084002300177100002200200245013000222260003700352300002800389650002000417990001400437990001400451990001400465INLIS00000000000944820251217044821 a0010-0623000242ta251217 0 ind  a9786237713111 a297.1226 a297.1226 QUR k C.1 a297.1226 QUR k C.2 a297.1226 QUR k C.30 aQuraish Shihab. M1 aKaidah Tafsir :bsyarat, ketentuan, dan aturan yang patut anda ketahui dalam memahami ayat-ayat al-quran /cM. Quraish Shihab aTangerang :bLentera Hati,c2013 a426 hlm. ;c15 x 23 cm. 4aTafsir Al-Quran a023. 2631 a023. 2632 a023. 2633